LEADER 01078nam a2200265 4500 001 000000365579 003 CaOOAMICUS 005 20251223154442.0 008 251204s2010 it 000 u ita r 020 $a978-88-7180-894-9 040 $aSeMil$bita 100 1 $aDe Mattei, Roberto,$d<1948- >.$0(OLS)http://semarc/name/28577 245 13$aIl Concilio Vaticano 2. :$buna storia mai scritta /$cRoberto De Mattei. 264 1$aTorino :$bLindau,$c2010. 300 $a625 p. ;$c21 cm 490 1 $aI Leoni 650 4$aConcilio Vaticano II <1962-1965>.$0(OLS)http://semarc/subject/283 830 2$aI Leoni.$0(OLS)http://semarc/title/27447 850 $aSeMil 852 $aSeMil$W1$xVenegono$y1$m3A II 485$j265722$B256406$CSeMilBibl$Z2$F256406 $81 961 $aBuzzi mons. Franco - Omaggio 996 $6020$a978-88-7180-894-9$9(OLS)http://semarc/number/304871 996 $6245$aIl Concilio Vaticano 2. :$buna storia mai scritta$9(OLS)http://semarc/title/457203 996 $6264$aTorino :$bLindau$9(OLS)http://semarc/publisher/32348 LEADER 01285nam a2200301 i 4500 001 000000105897 003 CaOOAMICUS 005 20020606000000.0 008 020606s1997 it u000 u ita u 013 $a78091 020 $a88-7706-149-9 040 $aSeMil$bita 245 10$aReligioni e bioetica :$bun confronto sugli inizi della vita /$ca cura di Lorenzo Biagi, Renzo Pegoraro. 260 $aPadova :$bGregoriana,$c1997. 260 $aPadova :$bFondazione Lanza,$c1997. 300 $a495 p. ;$c21 cm. 490 0 $aProgetti ;$v9 650 4$aReligione e bioetica.$0(OLS)http://semarc/subject/15996 700 1 $aPegoraro, Renzo.$0(OLS)http://semarc/name/22433 700 1 $aBiagi, Lorenzo.$0(OLS)http://semarc/name/44594 830 0$aProgetti ;$v9.$0(OLS)http://semarc/title/9694 850 $aSeMil 852 $aSeMil$W1$xVenegono$y1$m2E II 357$j62052$B62052$CSeMilBibl$Z2$F71759 $81 961 $aOmaggio: Fumagalli don Aristide 996 $6020$a88-7706-149-9$9(OLS)http://semarc/number/86203 996 $6245$aReligioni e bioetica :$bun confronto sugli inizi della vita$9(OLS)http://semarc/title/153411 996 $6260$aPadova :$bFondazione Lanza$9(OLS)http://semarc/publisher/31982 996 $6260$aPadova :$bGregoriana$9(OLS)http://semarc/publisher/31482